Day of resurrection. (Record no. 7586)

000 -LEADER
fixed length control field 00551nam a2200181 a 4500
001 - CONTROL NUMBER
control field :::00005347$&:&@@
003 - CONTROL NUMBER IDENTIFIER
control field OkBaRHE
005 - DATE AND TIME OF LATEST TRANSACTION
control field 20000607103325.0
008 - FIXED-LENGTH DATA ELEMENTS--GENERAL INFORMATION
fixed length control field s1974 j 000 0 eng u
040 ## - CATALOGING SOURCE
Transcribing agency
100 1# - MAIN ENTRY--PERSONAL NAME
Personal name Flynn, Leslie B.
245 10 - TITLE STATEMENT
Title Day of resurrection.
260 ## - PUBLICATION, DISTRIBUTION, ETC. (IMPRINT)
Place of publication, distribution, etc Grand Rapids, MI., :
Name of publisher, distributor, etc Baker Book House
Date of publication, distribution, etc c1974
300 ## - PHYSICAL DESCRIPTION
Extent 96 p. ;
Dimensions 20 cm.
650 ## - SUBJECT ADDED ENTRY--TOPICAL TERM
Topical term or geographic name as entry element Jesus Christ
General subdivision Resurrection
-- Meditations
942 ## - ADDED ENTRY ELEMENTS (KOHA)
Source of classification or shelving scheme
Koha item type Books
Copies
Not for loan Shelving location Damaged status Permanent Location Lost status Date last seen Source of classification or shelving scheme Koha item type Withdrawn status Barcode Copy number Date acquired Price effective from Full call number
 General Stacks RHEMA Bible Training College 2010-04-14 Books 534712010-04-142010-04-14BT 481 .F562